| 000 | 00502cam a2200205ua 4500 | ||
|---|---|---|---|
| 001 | 8837 | ||
| 005 | 20260515114403.0 | ||
| 008 | 150216n ii |||gr||||Z||||||asm | ||
| 020 | _a9789381710166 | ||
| 040 | _cMAIN | ||
| 041 | _aasm | ||
| 082 | _a891.4513N | ||
| 100 |
_aBorgohain, J. B., _eAuthor. |
||
| 245 | 1 |
_aLedolam _cBy Juri Borah Borgohgain |
|
| 250 | _a1st. | ||
| 260 |
_aGuwahati: _bBanphool, _c2012. |
||
| 300 | _a526p. | ||
| 653 | _aEast Indo-European & Celtic literatures | ||
| 942 | _cBK | ||
| 999 |
_c7925 _d7925 |
||